Rurouni Kenshin #8 / story and art by Nobuhiro ... Read More
Available copies
- 1 of 1 copy available at LARL/NWRL Consortium.
Current holds
0 current holds with 1 total copy.
Show All Copies
| Location | Call Number / Copy Notes | Barcode | Shelving Location | Status | Due Date |
|---|---|---|---|---|---|
| Roseau Public Library | ya WAT (Text) | 35500003564620 | Main | Available | - |
Record details
- ISBN: 1591165636 (pbk.)
- Physical Description: 185 p. : ill. ; 19 cm.
- Publisher: San Francisco, Calif. : Viz, 2004.
Content descriptions
| General Note: | "Shonen Jump graphic novel." "This book reads from right to left"--P. [4] of cover. |
Search for related items by subject
| Subject: | Swordsmen > Japan > Comic books, strips, etc. |
| Genre: | Graphic novels. |
Search for related items by series
| LDR | 01046nam a2200301Ia 4500 | ||
|---|---|---|---|
| 001 | 57043 | ||
| 003 | LARL_NWRL_CONSORTIUM | ||
| 005 | 20050225172142.0 | ||
| 008 | 041110s2004 caua 000 c eng d | ||
| 020 | . | ‡a1591165636 (pbk.) | |
| 035 | . | ‡a(OCoLC)56949660 | |
| 041 | 1 | . | ‡aeng ‡hjpn |
| 043 | . | ‡aa-ja--- | |
| 082 | 0 | 4. | ‡a741.5/952 ‡222 |
| 100 | 1 | . | ‡aWatsuki, Nobuhiro. ‡0(LARL_NWRL_CONSORTIUM)208847 |
| 245 | 1 | 0. | ‡aRurouni Kenshin ‡n#8 / ‡cstory and art by Nobuhiro Warsuki. |
| 246 | 3 | . | ‡aOn the east sea road ‡n#8 |
| 246 | 3 | . | ‡aMeiji swordsman romantic story ‡n#8 |
| 260 | . | ‡aSan Francisco, Calif. : ‡bViz, ‡c2004. | |
| 300 | . | ‡a185 p. : ‡bill. ; ‡c19 cm. | |
| 490 | 0 | . | ‡aRurouni Kenshin; ‡v8 |
| 500 | . | ‡a"Shonen Jump graphic novel." | |
| 500 | . | ‡a"This book reads from right to left"--P. [4] of cover. | |
| 650 | 0. | ‡aSwordsmen ‡zJapan ‡vComic books, strips, etc. | |
| 655 | 0. | ‡aGraphic novels. | |
| 901 | . | ‡a57043 ‡bOCLC ‡c57043 ‡tbiblio | |

Add to basket
Permalink
Disable Highlighting